BIBLIOTECA

SENCICO

Seguir construyendo con tierra (Registro nro. 1945)

Detalles MARC
000 -LEADER
fixed length control field 00745nam a2200217Ia 4500
005 - DATE AND TIME OF LATEST TRANSACTION
control field 20251020182527.0
008 - FIXED-LENGTH DATA ELEMENTS--GENERAL INFORMATION
fixed length control field 200515s9999 xx 000 0 und d
082 ## - DEWEY DECIMAL CLASSIFICATION NUMBER
Classification number 693.3/V65
100 ## - MAIN ENTRY--PERSONAL NAME
Personal name VILDOSO, A.MONZON, F. M.
245 #0 - TITLE STATEMENT
Title Seguir construyendo con tierra
260 ## - PUBLICATION, DISTRIBUTION, ETC.
Place of publication, distribution, etc. Lima
260 ## - PUBLICATION, DISTRIBUTION, ETC.
Date of publication, distribution, etc. 1984
500 ## - GENERAL NOTE
General note 1 ejemplar
520 ## - SUMMARY, ETC.
Summary, etc. En el primer capítulo se ofrece una rápida visión de la historia de la construcción con tierra en el Perú. En el segundo nos hemos dedicado a analizar las diversas cifras existentes sobre los materiales de construcción utilizados en la vivienda peruana, t
650 ## - SUBJECT ADDED ENTRY--TOPICAL TERM
Topical term or geographic name entry element ADOBE
650 ## - SUBJECT ADDED ENTRY--TOPICAL TERM
Topical term or geographic name entry element CONSTRUCCIONES EN TIERRA
650 ## - SUBJECT ADDED ENTRY--TOPICAL TERM
Topical term or geographic name entry element LIB
650 ## - SUBJECT ADDED ENTRY--TOPICAL TERM
Topical term or geographic name entry element PIEDRA
650 ## - SUBJECT ADDED ENTRY--TOPICAL TERM
Topical term or geographic name entry element TAPIAL
942 ## - ADDED ENTRY ELEMENTS (KOHA)
Koha item type Libros
Existencias
Fecha de la última vez que lo usaron Pago total Signatura topográfica completa Código de barras Precio efectivo desde Tipo de documento Estado perdido Estado dañado No es para préstamo Retirado Ubicación permanente Ubicación actual Fecha de adquisición
15/05/2020   693.3/V65 Bib-Lima15051945 15/05/2020 Libros         Biblioteca Central Lima Biblioteca Central Lima 15/05/2020